[Event "Saarland-ch A 89th"]
[Site "Stennweiler"]
[Date "2014.04.18"]
[Round "8"]
[White "Zengerle, Tobias"]
[Black "Paulus, Stefan"]
[Result "0-1"]
[WhiteElo "1730"]
[BlackElo "1810"]
[PlyCount "148"]
[EventDate "2014.04.11"]
[EventType "swiss"]
[EventRounds "9"]
[EventCountry "GER"]
[SourceTitle "EXT 2016"]
[Source "ChessBase"]
[SourceDate "2015.10.08"]
[SourceVersion "1"]
[SourceVersionDate "2015.10.08"]
[SourceQuality "1"]

1. d4 Nf6 2. c4 e6 3. Nc3 Bb4 4. Bd2 b6 5. e3 Bb7 6. Nf3 0-0 7. Bd3 d5 8. cxd5 exd5 9. a3 Be7 10. 0-0 Nbd7 11. Re1 c5 12. Qe2 a6 13. Rad1 Re8 14. Bb1 Bf8 15. Qd3 g6 16. Ne2 c4 17. Qc2 b5 18. Ne5 Nxe5 19. dxe5 Ne4 20. Nf4 Bg7 21. e6 fxe6 22. f3 Nxd2 23. Rxd2 Qf6 24. Red1 a5 25. Ne2 Qf8 26. Nf4 Qf6 27. Ne2 Qe5 28. e4 Bh6 29. f4 Bxf4 30. Nxf4 Qxf4 31. Qc3 Rf8 32. h3 Qd6 33. Qe3 b4 34. e5 Qc7 35. h4 Rac8 36. Kh2 Qg7 37. Rd4 c3 38. Rc1 cxb2 39. Rxc8 Rxc8 40. axb4 Rc1 41. Rf4 Rxb1 42. Qb6 Qd7 43. bxa5 Ra1 44. Qxb2 Rxa5 45. Qb6 Rb5 46. Qf2 Qe7 47. Qd4 Bc6 48. Qa4 Qe8 49. Qa3 Rb7 50. Qd6 Re7 51. Rb4 Qd7 52. Qc5 Re8 53. Rf4 Bb5 54. Rb4 Bc4 55. Qd4 Qf7 56. Rb2 Rf8 57. g3 Qf3 58. Qb6 Qf5 59. Qc7 Qf7 60. Qd6 d4 61. Qxd4 Bd5 62. Qe3 Qf1 63. Qg1 Qf3 64. Rd2 Qf1 65. Rb2 Qxg1+ 66. Kxg1 Rf3 67. Kh2 Re3 68. Rb8+ Kg7 69. Rd8 Rxe5 70. Rd7+ Kh6 71. g4 Re1 72. g5+ Kh5 73. Rxh7+ Kg4 74. h5 Rh1# 0-1

[Event "Saarland-ch A 89th"]
[Site "Stennweiler"]
[Date "2014.04.17"]
[Round "7"]
[White "Schera, Michael"]
[Black "Zengerle, Tobias"]
[Result "0-1"]
[WhiteElo "1710"]
[BlackElo "1730"]
[PlyCount "54"]
[EventDate "2014.04.11"]
[EventType "swiss"]
[EventRounds "9"]
[EventCountry "GER"]
[SourceTitle "EXT 2016"]
[Source "ChessBase"]
[SourceDate "2015.10.08"]
[SourceVersion "1"]
[SourceVersionDate "2015.10.08"]
[SourceQuality "1"]

1. d4 Nf6 2. c4 g6 3. Nc3 Bg7 4. e4 d6 5. f3 Nbd7 6. Nh3 e5 7. d5 0-0 8. Be3 Ne8 9. Qc1 a5 10. Nf2 f5 11. Nd3 b6 12. Qd2 Nc5 13. Nxc5 dxc5 14. Bd3 Nd6 15. 0-0 Bd7 16. f4 Qh4 17. g3 Qe7 18. fxe5 Bxe5 19. Bg5 Bf6 20. Bxf6 Qxf6 21. Qf2 Qg7 22. Qc2 Rae8 23. Rae1 Qd4+ 24. Kh1 fxe4 25. Rxf8+ Rxf8 26. Nxe4 Bg4 27. Bf1 Nxe4 0-1

[Event "Saarland-ch A 89th"]
[Site "Stennweiler"]
[Date "2014.04.15"]
[Round "5"]
[White "Weirich, Wolfgang"]
[Black "Zengerle, Tobias"]
[Result "1-0"]
[WhiteElo "1820"]
[BlackElo "1730"]
[PlyCount "59"]
[EventDate "2014.04.11"]
[EventType "swiss"]
[EventRounds "9"]
[EventCountry "GER"]
[SourceTitle "EXT 2016"]
[Source "ChessBase"]
[SourceDate "2015.10.08"]
[SourceVersion "1"]
[SourceVersionDate "2015.10.08"]
[SourceQuality "1"]

1. d4 d5 2. c4 e5 3. dxe5 d4 4. Nf3 Nc6 5. g3 Nge7 6. Bg2 Ng6 7. Qb3 Rb8 8. 0-0 Be6 9. Ng5 Ngxe5 10. Nxe6 fxe6 11. c5 Qd7 12. Nd2 Bxc5 13. Ne4 Be7 14. Bg5 0-0 15. Bh3 Kh8 16. Bxe6 Qd8 17. f4 Nd7 18. Rac1 Nf6 19. Bxf6 Bxf6 20. g4 d3 21. e3 Nd4 22. exd4 Qxd4+ 23. Nf2 Bh4 24. f5 Bxf2+ 25. Rxf2 Qxg4+ 26. Rg2 Qd4+ 27. Kh1 d2 28. Rd1 Qe4 29. Qg3 g6 30. Qc3+ 1-0

[Event "Saarland-ch B 85th"]
[Site "Homburg"]
[Date "2010.04.03"]
[Round "9"]
[White "Jungfleisch, Dieter"]
[Black "Zengerle, Tobias"]
[Result "0-1"]
[WhiteElo "1455"]
[BlackElo "1314"]
[PlyCount "70"]
[EventDate "2010.03.28"]
[EventType "swiss"]
[EventRounds "9"]
[EventCountry "GER"]
[SourceTitle "EXT 2011"]
[Source "ChessBase"]
[SourceDate "2010.11.26"]
[SourceVersion "1"]
[SourceVersionDate "2010.11.26"]
[SourceQuality "1"]

1. d4 d5 2. c4 e6 3. Nc3 Bd7 4. Nf3 Be7 5. Bf4 Nf6 6. h3 0-0 7. e3 Bc6 8. Bd3 Nbd7 9. Qc2 dxc4 10. Bxc4 Bxf3 11. gxf3 c6 12. Bd3 g6 13. h4 Nh5 14. Bg3 Ndf6 15. a3 Nd5 16. Ne4 Nxg3 17. Nxg3 Bxh4 18. Ke2 Bxg3 19. fxg3 Qg5 20. Qd2 Qxg3 21. Rag1 Qd6 22. Rg4 f5 23. Rg5 Rae8 24. f4 c5 25. Ke1 cxd4 26. Qh2 Rf7 27. Rxg6+ Kf8 28. Qh6+ Ke7 29. Qh4+ Kf8 30. Rh6 Nxe3 31. Ke2 Ng2 32. Qg5 Qxf4 33. Qxg2 Qe3+ 34. Kd1 Qxd3+ 35. Kc1 Rc8+ 0-1

[Event "Saarland-ch B 85th"]
[Site "Homburg"]
[Date "2010.04.02"]
[Round "8"]
[White "Zengerle, Tobias"]
[Black "Kaum, Roland"]
[Result "1/2-1/2"]
[WhiteElo "1314"]
[BlackElo "1428"]
[PlyCount "118"]
[EventDate "2010.03.28"]
[EventType "swiss"]
[EventRounds "9"]
[EventCountry "GER"]
[SourceTitle "EXT 2011"]
[Source "ChessBase"]
[SourceDate "2010.11.26"]
[SourceVersion "1"]
[SourceVersionDate "2010.11.26"]
[SourceQuality "1"]

1. e4 c5 2. Nf3 Nf6 3. Nc3 e6 4. Bb5 a6 5. Be2 d5 6. d3 Be7 7. 0-0 0-0 8. Re1 Bd7 9. a3 Nc6 10. Bf1 d4 11. Nb1 e5 12. Nbd2 Ne8 13. Nc4 f6 14. Be2 Nd6 15. Nxd6 Bxd6 16. Nh4 Qc8 17. h3 g5 18. Nf3 Kg7 19. Nh2 Ne7 20. Bg4 Ng6 21. Bxd7 Qxd7 22. Qg4 Qxg4 23. Nxg4 h5 24. Nh2 Rac8 25. Nf3 Be7 26. Nd2 g4 27. Nc4 Rc6 28. hxg4 hxg4 29. g3 Bd8 30. b3 b5 31. Nb2 Ba5 32. Rd1 Bc3 33. Ra2 Rfc8 34. a4 Bxb2 35. Bxb2 c4 36. axb5 axb5 37. Ra7+ R6c7 38. Rxc7+ Rxc7 39. bxc4 bxc4 40. dxc4 Rxc4 41. Rc1 Ne7 42. Kg2 Nc6 43. c3 dxc3 44. Rxc3 Rxc3 45. Bxc3 Kg6 46. f3 gxf3+ 47. Kxf3 Nd8 48. Bd2 Kh5 49. Be3 Ne6 50. Bb6 Ng5+ 51. Ke3 Kg4 52. Bd8 Nh7 53. Kf2 Kg5 54. Be7 Kg6 55. Ke3 Kf7 56. Bb4 Ng5 57. Ba5 Ke6 58. Bb4 Kd7 59. Bf8 Ke6 1/2-1/2

[Event "Saarland-ch B 85th"]
[Site "Homburg"]
[Date "2010.03.28"]
[Round "1"]
[White "Zengerle, Tobias"]
[Black "Gordziel, Martin"]
[Result "0-1"]
[WhiteElo "1314"]
[BlackElo "1524"]
[PlyCount "118"]
[EventDate "2010.03.28"]
[EventType "swiss"]
[EventRounds "9"]
[EventCountry "GER"]
[SourceTitle "EXT 2011"]
[Source "ChessBase"]
[SourceDate "2010.11.26"]
[SourceVersion "1"]
[SourceVersionDate "2010.11.26"]
[SourceQuality "1"]

1. e4 d5 2. e5 d4 3. d3 Nc6 4. Nf3 Bg4 5. Nbd2 Nxe5 6. Be2 Nxf3+ 7. Nxf3 Bxf3 8. Bxf3 Qd6 9. 0-0 c6 10. Qd2 Nf6 11. Re1 e6 12. Qf4 Be7 13. Qxd6 Bxd6 14. Bg5 Be7 15. Bf4 0-0 16. Be5 Rad8 17. a4 Nd5 18. Re2 Bf6 19. Bxd5 Rxd5 20. Bxf6 gxf6 21. a5 Re5 22. Re4 Rxe4 23. dxe4 a6 24. Ra3 Rd8 25. Rd3 e5 26. Kf1 c5 27. Rb3 Rd7 28. Rb6 Kg7 29. Rb3 Rc7 30. Ke2 Kf8 31. Rf3 Kg7 32. Rb3 c4 33. Rb6 Rc5 34. b4 cxb3 35. cxb3 Rxa5 36. Rxb7 Rb5 37. Rxb5 axb5 38. Kd3 h5 39. f4 h4 40. h3 Kg6 41. b4 Kg7 42. Ke2 Kf8 43. Kf3 Ke7 44. f5 Kf8 45. Kf2 Kg7 46. Ke2 Kh6 47. Kf2 Kg5 48. Kf3 Kh6 49. Ke2 Kh5 50. Kf2 Kg5 51. Kf3 d3 52. Ke3 d2 53. Kxd2 Kf4 54. Ke2 Kxe4 55. Kf2 Kf4 56. Kg1 Kxf5 57. Kf2 Kf4 58. Ke2 Kg3 59. Kf1 f5 0-1

[Event "Saarland-ch C"]
[Site "Schiffweiler"]
[Date "2009.04.09"]
[Round "7"]
[White "Zengerle, Tobias"]
[Black "Alt, Elisabeth"]
[Result "1-0"]
[WhiteElo "1310"]
[BlackElo "1317"]
[PlyCount "93"]
[EventDate "2009.04.03"]
[EventType "swiss"]
[EventRounds "9"]
[EventCountry "GER"]
[SourceTitle "EXT 2012"]
[Source "ChessBase"]
[SourceDate "2011.11.24"]
[SourceVersion "1"]
[SourceVersionDate "2011.11.24"]
[SourceQuality "1"]

1. e4 d5 2. e5 Nc6 3. Nf3 Bg4 4. Bb5 g6 5. d4 Bg7 6. Bf4 e6 7. Nbd2 Nge7 8. Bg5 0-0 9. Bxc6 bxc6 10. h3 Bxf3 11. Qxf3 c5 12. Qa3 f6 13. exf6 Bxf6 14. Bxf6 Rxf6 15. Qxc5 c6 16. 0-0 Qc7 17. Nf3 Rb8 18. Rab1 Kg7 19. Rfe1 h6 20. Re3 Nf5 21. Rb3 Rxb3 22. axb3 Qb6 23. Ne5 Qxc5 24. dxc5 Nd4 25. Ra1 Kg8 26. Rxa7 Ne2+ 27. Kf1 Ng3+ 28. Ke1 Ne4 29. Nd3 e5 30. f3 Ng5 31. Nxe5 Re6 32. f4 Nf7 33. Rxf7 Rxe5+ 34. fxe5 Kxf7 35. Kd2 Ke6 36. Kd3 Kxe5 37. c4 h5 38. cxd5 Kxd5 39. b4 g5 40. g3 h4 41. g4 Ke6 42. Ke4 Kf6 43. b5 cxb5 44. Kd5 Ke7 45. Kc6 b4 46. Kc7 b3 47. c6 1-0

[Event "Saarland-ch C"]
[Site "Schiffweiler"]
[Date "2009.04.06"]
[Round "4"]
[White "Zengerle, Tobias"]
[Black "Draeger, Robin"]
[Result "0-1"]
[WhiteElo "1310"]
[BlackElo "1429"]
[PlyCount "110"]
[EventDate "2009.04.03"]
[EventType "swiss"]
[EventRounds "9"]
[EventCountry "GER"]
[SourceTitle "EXT 2012"]
[Source "ChessBase"]
[SourceDate "2011.11.24"]
[SourceVersion "1"]
[SourceVersionDate "2011.11.24"]
[SourceQuality "1"]

1. e4 c5 2. Bc4 Nc6 3. d3 g6 4. Nc3 Bg7 5. Nf3 Nf6 6. Be3 d6 7. h3 a6 8. Nd5 Nxd5 9. Bxd5 Bxb2 10. Rb1 Bg7 11. 0-0 0-0 12. Qd2 Re8 13. Bh6 Bh8 14. Qf4 e6 15. Bxc6 bxc6 16. Qd2 d5 17. Bf4 e5 18. Bg3 a5 19. Rfe1 d4 20. Qg5 Bf6 21. Qc1 Ba6 22. Qh6 Bg7 23. Qg5 Qxg5 24. Nxg5 c4 25. Red1 cxd3 26. cxd3 c5 27. Nf3 c4 28. Ne1 c3 29. Nc2 Rab8 30. a4 Rxb1 31. Rxb1 Bxd3 32. Rc1 Bxe4 33. Kf1 Bh6 34. Ne3 dxe3 35. fxe3 Bxe3 36. Rxc3 Bd4 37. Rb3 f5 38. Bf2 Bxf2 39. Kxf2 Bc2 40. Rb5 Bxa4 41. Rxa5 Bc2 42. Rc5 Bd3 43. Rc7 e4 44. g3 e3+ 45. Ke1 Rb8 46. Rc1 Rb1 47. Rxb1 Bxb1 48. Ke2 Kg7 49. Kxe3 Kf6 50. h4 h5 51. Kf4 Be4 52. Ke3 g5 53. hxg5+ Kxg5 54. Ke2 Kg4 55. Kf2 Bd5 0-1

[Event "Saarland-ch C"]
[Site "Schiffweiler"]
[Date "2009.04.05"]
[Round "3"]
[White "Weiler, Philipp"]
[Black "Zengerle, Tobias"]
[Result "1/2-1/2"]
[WhiteElo "1421"]
[BlackElo "1310"]
[PlyCount "82"]
[EventDate "2009.04.03"]
[EventType "swiss"]
[EventRounds "9"]
[EventCountry "GER"]
[SourceTitle "EXT 2012"]
[Source "ChessBase"]
[SourceDate "2011.11.24"]
[SourceVersion "1"]
[SourceVersionDate "2011.11.24"]
[SourceQuality "1"]

1. c4 e5 2. Nc3 Nc6 3. g3 Bc5 4. Bg2 d6 5. Nf3 Nf6 6. d3 h6 7. 0-0 0-0 8. h3 Bd7 9. Bd2 Qc8 10. Kh2 Nd4 11. Nxd4 Bxd4 12. Rb1 Rb8 13. e3 Bb6 14. Na4 Bxa4 15. Qxa4 Qd7 16. Qc2 a6 17. b4 c5 18. bxc5 Bxc5 19. Bb4 Bxb4 20. Rxb4 Qc7 21. Qb3 b6 22. Rb1 Nd7 23. d4 exd4 24. exd4 Rfe8 25. Bf3 Rf8 26. Bg4 f5 27. Bf3 Kh8 28. Qd3 Qd8 29. Bc6 f4 30. Bxd7 fxg3+ 31. Qxg3 Qxd7 32. Rxb6 Rxb6 33. Rxb6 Qf5 34. Rxa6 Qxf2+ 35. Qxf2 Rxf2+ 36. Kg3 Rc2 37. Ra4 Kg8 38. Kf4 Kf7 39. Ke4 Ke6 40. Kd3 Rf2 41. Ra7 g5 1/2-1/2

[Event "Saarland-ch C"]
[Site "Schiffweiler"]
[Date "2009.04.04"]
[Round "2"]
[White "Zengerle, Tobias"]
[Black "Luy, Markus"]
[Result "1/2-1/2"]
[WhiteElo "1310"]
[BlackElo "1439"]
[PlyCount "60"]
[EventDate "2009.04.03"]
[EventType "swiss"]
[EventRounds "9"]
[EventCountry "GER"]
[SourceTitle "EXT 2012"]
[Source "ChessBase"]
[SourceDate "2011.11.24"]
[SourceVersion "1"]
[SourceVersionDate "2011.11.24"]
[SourceQuality "1"]

1. e4 c5 2. Bc4 d6 3. d3 Nf6 4. Bg5 Nc6 5. h3 e6 6. Nc3 Be7 7. Nf3 0-0 8. Bf4 d5 9. Bb5 a6 10. Bxc6 bxc6 11. 0-0 c4 12. exd5 cxd5 13. dxc4 dxc4 14. Qxd8 Rxd8 15. Rad1 Bb7 16. Nd2 Nd5 17. Nxd5 Bxd5 18. b3 cxb3 19. Nxb3 Rac8 20. Rd2 Bb4 21. Rd4 a5 22. Bd2 Rxc2 23. Bxb4 Rxa2 24. Nxa5 Ra8 25. Rc1 h6 26. Nc6 Ra1 27. Rxa1 Rxa1+ 28. Kh2 Bxc6 29. Rd8+ Kh7 30. Rc8 Bd5 1/2-1/2